Science Fiction Movies and Films by Clue - Statistics

General Stats
  • This quiz has been taken 1,465 times
    943 since last reset
  • The average score is 13 of 18
Answer Stats
Year Clue Movie % Correct
1982 An alien stuck on earth attempts to phone home. E.T. the Extra-Terrestrial
96%
1993 Scientists use ancient DNA to make dinosaurs. Jurassic Park
95%
1999 Neo is the chosen one to break everyone out of the simulation. The Matrix
95%
1979 Horrible creature uses humans to incubate eggs. Alien
91%
1985 Guy meets his own parents, when they were his age. Back to the Future
90%
1984 Rival families compete over a desert planet that produces 'spice'. Dune
84%
2010 A professional thief infiltrates dreams to steal information. Inception
76%
1986 Experiment goes wrong, and a scientist becomes more insectoid. The Fly
74%
1968 A monolith is found, so they go to Jupiter... 2001: A Space Odyssey
73%
2014 As Earth dies, astronauts seek a new home in another galaxy. Interstellar
73%
2002 In the future, police can predict crimes before they happen. Minority Report
61%
2009 Evil corporation tries to win the trust of moon's natives. Avatar
59%
1982 In the future, it is difficult to distinguish cyborgs from humans. Blade Runner
59%
1977 Aliens close in on Devil's Tower, Wyoming. Close Encounters of the Third Kind
51%
2005 Arthur Dent escapes when Earth is destroyed to make a bypass. The Hitchhiker's Guide to the Galaxy
48%
1990 A construction worker becomes a secret agent on Mars. Total Recall
48%
1987 Criminals must escape from professional killers on a TV show. The Running Man
42%
1980 A football star must confront Ming the Merciless. Flash Gordon
40%
No matching quizzes found
Score Distribution
Percent of People with Each Score
Percentile by Number Answered
Your Score History
You have not taken this quiz since the last reset